书目信息 |
| 题名: |
煤矿瓦斯灾害防治技术手册
|
|
| 作者: | 马丕梁 主编 | |
| 分册: | ||
| 出版信息: | 北京 化学工业出版社 2007.05 |
|
| 页数: | 458页 | |
| 开本: | 26cm | |
| 丛书名: | ||
| 单 册: | ||
| 中图分类: | TD712-62 | |
| 科图分类: | ||
| 主题词: | 煤矿--mei kuang--瓦斯--灾害--防治--技术手册 | |
| 电子资源: | ||
| ISBN: | 978-7-122-00175-7 | |
| 000 | 00857nam0 2200241 450 | |
| 001 | 012007516587 | |
| 005 | 20071204102549.14 | |
| 010 | @a978-7-122-00175-7@b精装@dCNY90.00 | |
| 100 | @a20071204d2007 km y0chi0120 ea | |
| 101 | 0 | @achi |
| 102 | @aCN@b110000 | |
| 105 | @aa a 000yy | |
| 106 | @ar | |
| 200 | 1 | @a煤矿瓦斯灾害防治技术手册@Amei kuang wa si zai hai fang zhi ji shu shou ce@f马丕梁主编@Fma pi liang zhu bian |
| 210 | @a北京@c化学工业出版社@d2007.05 | |
| 215 | @a458页@c图@d26cm | |
| 320 | @a有书目 (第458页)。 | |
| 330 | @a本书内容涉及煤矿瓦斯基础知识、防治瓦斯爆炸技术、瓦斯抽放技术、防治煤矿与瓦斯检查与监测、瓦斯防治管理,并附有案例。 | |
| 606 | 0 | @a煤矿@Amei kuang@x瓦斯@x灾害@x防治@j技术手册 |
| 690 | @aTD712-62@v4 | |
| 701 | 0 | @a马丕梁@Ama pi liang@4主编 |
| 801 | 0 | @aCN@bQSSK@c20071204 |
| 905 | @b270076-78@dTD712-62@eM124@f3 | |
| 煤矿瓦斯灾害防治技术手册/马丕梁主编.-北京:化学工业出版社,2007.05 |
| 458页:图;26cm |
| ISBN 978-7-122-00175-7(精装):CNY90.00 |
| 本书内容涉及煤矿瓦斯基础知识、防治瓦斯爆炸技术、瓦斯抽放技术、防治煤矿与瓦斯检查与监测、瓦斯防治管理,并附有案例。 |
| ● |
| 相关链接 |
|
|
|
正题名:煤矿瓦斯灾害防治技术手册
索取号:TD712-62/M124
 
预约/预借
| 序号 | 登录号 | 条形码 | 馆藏地/架位号 | 状态 | 备注 |
| 1 | 270076 | 202700764 | 自科二线400A/400A自科库 27排1列1层/ [索取号:TD712-62/M124] | 在馆 | |
| 2 | 270077 | 202700773 | 自科二线400A/400A自科库 27排1列1层/ [索取号:TD712-62/M124] | 在馆 | |
| 3 | 270078 | 202700782 | 自科库501/501自科库 21排3列2层/ [索取号:TD712-62/M124] | 在馆 |